000 01259cam a22001934a 4500
005 20250605164129.0
008 250528s ||||||||||||||||||||||||d
035 _a18578
020 _a9607270126
040 _aGR-AtMCL
_bgre
_dGR-AtMCL
_eAACR2
245 1 _aΤο Χρώμα και Τα Μυστικά Του / Για Διακοσμητές, Σχεδιστές, Αρχιτέκτονες, Γραφίστες, Ζωγράφους κλπ.
260 _bΟργανισμός Δημητρέλη - Εξειδικευμένες Εκδόσεις,
_c1987
300 _a144
520 _aΗ πρώτη μελέτη του χρώματος σε σχέση με το περιβάλλον και τον άνθρωπο. Πρόλογος, Εισαγωγή, Η Έννοια του Χρώματος, Η Όραση και η Αίσθηση των Χρωμάτων, Τα Χρώματα στο Σύμπαν, Άνθρωπος - Χρώμα - Ψυχολογία, Χώρος - Χρώμα - Διακόσμηση, Το Χρώμα στην Υπηρεσία της Τέχνης, Το Χρώμα στη Μακέτα, Βιβλίογραφία, Έκδοσεις.
700 1 _aΔημητρέλης Λεωνίδας-Δάκης
_94838
942 _cBK
999 _c3927
_d3927